000 00454nam a2200181Ia 4500
001 20903
005 20260306172840.0
008 260306t2020||||xx |||||||||||||| ||spa||
041 _aESP
082 _a343.8
_bR24B
100 _aRamos Romero, Gabriela del Pilar,
_eAUT
245 0 _aTratamiento tributario de los productos digitales
260 _c2020
300 _a31 páginas :
_c
650 _aGEN
654 _aCCO
942 _cLIB
_dJUS
_fJUS
_2ddc
_n
999 _c20903
_d20903